000 004860000a22001810004500
090 _aAR
_b00006
245 1 0 _aHacia una cultura de la sostenibilidad
650 1 4 _aDesarrollo sostenible
_9278
650 1 4 _aEcología
_992250
650 1 4 _aCultura
_992762
650 1 4 _aHistoria
_992763
650 1 4 _aPolíticas ambientales
_95366
651 4 _pColombia
_992749
041 0 _aEspañol
100 1 _aCarrizosa Umaña, Julio
_93604
942 _cARTICULO
773 1 _tPreprint
_33
_q1-14
_d1995
999 _c9109
_d9109